[Event "Blonduos Icelandic op"]
[Site "Blonduos"]
[Date "2025.06.21"]
[Round "9"]
[White "Ptacnikova, Lenka"]
[Black "Thorisson, Benedikt"]
[Result "1/2-1/2"]
[WhiteElo "2158"]
[BlackElo "2069"]
[PlyCount "151"]
[EventDate "2025.06.15"]
[EventType "swiss"]
[EventRounds "9"]
[EventCountry "ISL"]
[SourceTitle "CB26_2025"]
[SourceDate "2025.06.25"]
[SourceVersion "1"]
[SourceVersionDate "2025.06.25"]
[SourceQuality "1"]

1. Nf3 Nf6 2. c4 g6 3. d4 Bg7 4. g3 0-0 5. Bg2 c6 6. Nc3 d5 7. Qb3 Qb6 8. 0-0 dxc4 9. Qxc4 Be6 10. Qa4 Na6 11. Rd1 Rfd8 12. Ng5 Bd7 13. Qc4 Be8 14. a3 h6 15. Nf3 Bd7 16. Na4 Qc7 17. Bf4 Qc8 18. Qc1 Be6 19. Nc3 Kh7 20. b4 Nc7 21. Be5 Ncd5 22. Na4 b6 23. Re1 Qa6 24. Nb2 Rac8 25. e4 Nc7 26. h3 Nb5 27. Qe3 Qb7 28. Nd3 g5 29. g4 Kg8 30. a4 Nd6 31. Nd2 Nc4 32. Nxc4 Bxc4 33. Nb2 Be6 34. Nd3 Qd7 35. f4 Nh7 36. Bxg7 Kxg7 37. d5 cxd5 38. exd5 Bxd5 39. Qe5+ Kg8 40. Rad1 Bxg2 41. Kxg2 Rc2+ 42. Kg3 Qc6 43. Nf2 Rxd1 44. Rxd1 Qc3+ 45. Rd3 gxf4+ 46. Qxf4 Qe1 47. Rd1 Qc3+ 48. Rd3 Qc7 49. Qxc7 Rxc7 50. Rd4 Nf6 51. h4 Kg7 52. g5 hxg5 53. hxg5 Nd7 54. Ng4 Nf8 55. Re4 Ne6 56. Kh4 Rc1 57. Ne5 Rh1+ 58. Kg4 Rg1+ 59. Kh4 Ra1 60. Nc6 Rxa4 61. Nxe7 a5 62. Nd5 axb4 63. Nxb6 Ra1 64. Rxb4 Rh1+ 65. Kg4 Rg1+ 66. Kh4 Rxg5 67. Rg4 Kg6 68. Nd5 Rxg4+ 69. Kxg4 f5+ 70. Kf3 Kg5 71. Ne7 f4 72. Nd5 Nd4+ 73. Ke4 f3 74. Kxd4 f2 75. Ne3 f1Q 76. Nxf1 1/2-1/2

[Event "Blonduos Icelandic op"]
[Site "Blonduos"]
[Date "2025.06.20"]
[Round "8"]
[White "Thorisson, Benedikt"]
[Black "Dietzsch, Herbert"]
[Result "1-0"]
[WhiteElo "2069"]
[BlackElo "1982"]
[PlyCount "126"]
[EventDate "2025.06.15"]
[EventType "swiss"]
[EventRounds "9"]
[EventCountry "ISL"]
[SourceTitle "CB26_2025"]
[SourceDate "2025.06.25"]
[SourceVersion "1"]
[SourceVersionDate "2025.06.25"]
[SourceQuality "1"]

1. e4 c5 2. Nf3 Nc6 3. d4 cxd4 4. Nxd4 Nf6 5. Nc3 e6 6. Nxc6 bxc6 7. e5 Nd5 8. Ne4 f5 9. exf6 Nxf6 10. Nd6+ Bxd6 11. Qxd6 Qe7 12. Bf4 Qxd6 13. Bxd6 Ne4 14. Ba3 d5 15. Bd3 Nf6 16. 0-0-0 Kf7 17. Rhe1 Re8 18. Bd6 a5 19. f3 Ba6 20. Re3 Bxd3 21. Rdxd3 Red8 22. Bg3 c5 23. Rb3 Ra6 24. Rb5 d4 25. Ra3 c4 26. Raxa5 Rxa5 27. Rxa5 Nd5 28. Be5 Ne3 29. Ra7+ Kg6 30. Ra6 d3 31. Bc3 Kf5 32. Ra5+ Kg6 33. Re5 Nd5 34. cxd3 Nxc3 35. bxc3 Rxd3 36. Kc2 Rd6 37. a4 Rc6 38. Kd2 Kf6 39. f4 Rd6+ 40. Ke2 Rd3 41. Re3 Rd6 42. Re4 Rc6 43. Ke3 g5 44. fxg5+ Kxg5 45. Kd4 Ra6 46. Kc5 Rxa4 47. Rxe6 Ra2 48. Re8 Kf4 49. Rg8 h5 50. Kxc4 Ra7 51. Kd4 Rd7+ 52. Kc5 Rc7+ 53. Kb4 Rb7+ 54. Kc4 Rc7+ 55. Kd3 Rd7+ 56. Kc2 Ke3 57. Rg3+ Ke4 58. Rh3 Ra7 59. Rxh5 Ra2+ 60. Kb3 Rxg2 61. h4 Rg8 62. Kb4 Rb8+ 63. Rb5 Kd3 1-0

[Event "Blonduos Icelandic op"]
[Site "Blonduos"]
[Date "2025.06.18"]
[Round "5"]
[White "Ragnarsson, Johann Hjortur"]
[Black "Thorisson, Benedikt"]
[Result "0-1"]
[WhiteElo "1947"]
[BlackElo "2069"]
[PlyCount "66"]
[EventDate "2025.06.15"]
[EventType "swiss"]
[EventRounds "9"]
[EventCountry "ISL"]
[SourceTitle "CB26_2025"]
[SourceDate "2025.06.25"]
[SourceVersion "1"]
[SourceVersionDate "2025.06.25"]
[SourceQuality "1"]

1. d4 Nf6 2. Nf3 g6 3. e3 Bg7 4. Be2 0-0 5. 0-0 d5 6. b3 Ne4 7. Bb2 c5 8. c4 Nc6 9. cxd5 Qxd5 10. Bc4 Qd8 11. Ne5 cxd4 12. Nxc6 bxc6 13. exd4 Nd6 14. Na3 Nf5 15. Nc2 c5 16. Qf3 Rb8 17. Qf4 Bb7 18. Rad1 Qc8 19. Qc1 cxd4 20. Nxd4 Nxd4 21. Bxd4 Qg4 22. f3 Bxd4+ 23. Kh1 Qh4 24. Rfe1 Bf2 25. Rf1 Bg3 26. h3 Bf4 27. Rd4 Bxc1 28. Rxh4 Bb2 29. Bd3 Rfd8 30. Bc4 Bf6 31. Rg4 h5 32. Rxg6+ Kh7 33. Rg3 Bh4 0-1

[Event "Blonduos Icelandic op"]
[Site "Blonduos"]
[Date "2025.06.17"]
[Round "4"]
[White "Thorisson, Benedikt"]
[Black "Thorfinnsson, Bjorn"]
[Result "0-1"]
[WhiteElo "2069"]
[BlackElo "2367"]
[PlyCount "56"]
[EventDate "2025.06.15"]
[EventType "swiss"]
[EventRounds "9"]
[EventCountry "ISL"]
[SourceTitle "CB26_2025"]
[SourceDate "2025.06.25"]
[SourceVersion "1"]
[SourceVersionDate "2025.06.25"]
[SourceQuality "1"]

1. e4 e5 2. Nf3 Nc6 3. Bc4 Nf6 4. d3 h6 5. 0-0 d6 6. c3 g6 7. Re1 Bg7 8. Nbd2 0-0 9. Nf1 a6 10. a4 d5 11. exd5 Nxd5 12. h3 Be6 13. Be3 Kh7 14. Qc2 Qc8 15. N3d2 f5 16. Bxd5 Bxd5 17. f4 Qd7 18. Nh2 exf4 19. Bxf4 g5 20. Bg3 Rfe8 21. Ndf3 Rad8 22. Rxe8 Rxe8 23. Re1 Rxe1+ 24. Bxe1 Qe6 25. Qf2 Bb3 26. Nd2 Bxa4 27. b3 Bxc3 28. Kf1 Bb5 0-1

[Event "Reykjavik op"]
[Site "Reykjavik"]
[Date "2025.04.12"]
[Round "5"]
[White "Thorisson, Benedikt"]
[Black "Dushyant, Sharma"]
[Result "0-1"]
[WhiteElo "2065"]
[BlackElo "2313"]
[PlyCount "82"]
[EventDate "2025.04.09"]
[EventType "swiss"]
[EventRounds "9"]
[EventCountry "ISL"]
[SourceTitle "CB17_2025"]
[SourceDate "2025.04.23"]
[SourceVersion "1"]
[SourceVersionDate "2025.04.23"]
[SourceQuality "1"]

1. e4 e5 2. Nf3 Nc6 3. Bc4 Bc5 4. c3 Nf6 5. d4 exd4 6. cxd4 Bb4+ 7. Nbd2 Nxe4 8. d5 Nxd2 9. Bxd2 Bxd2+ 10. Qxd2 Ne7 11. 0-0-0 0-0 12. h4 d6 13. h5 h6 14. Rdg1 f5 15. Bb3 Bd7 16. Nd4 Qe8 17. g4 fxg4 18. Ne6 Bxe6 19. dxe6 Qb5 20. Bc2 Qc4 21. Rg3 Qf4 22. Rhg1 Qxd2+ 23. Kxd2 Rxf2+ 24. Kc1 Nf5 25. Bxf5 Rxf5 26. Rxg4 g5 27. hxg6 Re8 28. Rh4 Kg7 29. Rgh1 Rxe6 30. Rxh6 Rc5+ 31. Kd2 Rxg6 32. Rh7+ Kf6 33. b4 Rc4 34. Kd3 b5 35. R1h3 Ke6 36. a3 Kd5 37. Rf7 Kc6 38. Rf8 Kb7 39. Rf5 a6 40. Rff3 Rg1 41. Kd2 Rg2+ 0-1

[Event "Uppsala Young Champions 11th"]
[Site "Uppsala"]
[Date "2024.10.30"]
[Round "9"]
[White "Frank, Anton"]
[Black "Thorisson, Benedikt"]
[Result "1/2-1/2"]
[WhiteElo "2184"]
[BlackElo "2079"]
[PlyCount "62"]
[EventDate "2024.10.25"]
[EventType "tourn"]
[EventRounds "9"]
[EventCountry "SWE"]
[SourceTitle "CB45_2024"]
[Source "ChessBase"]
[SourceDate "2024.11.06"]
[SourceVersion "1"]
[SourceVersionDate "2024.11.06"]
[SourceQuality "1"]

1. e4 c5 2. Nf3 e6 3. d4 cxd4 4. Nxd4 a6 5. c4 Nf6 6. Nc3 Bb4 7. Qd3 d5 8. exd5 exd5 9. Be2 0-0 10. 0-0 Nc6 11. Nxc6 bxc6 12. cxd5 cxd5 13. Bf3 Be6 14. Bg5 Bxc3 15. bxc3 h6 16. Bh4 Rc8 17. Rfd1 Qa5 18. Bxf6 gxf6 19. Qd4 Qxc3 20. Qxc3 Rxc3 21. Bxd5 Bxd5 22. Rxd5 Rfc8 23. g3 Ra3 24. Rd2 Rc5 25. Rb1 Rc7 26. Rb6 Kg7 27. Rdd6 Rxa2 28. Rxa6 Rxa6 29. Rxa6 Rc5 30. Kg2 Kg6 31. Rb6 Ra5 1/2-1/2

[Event "Uppsala Young Champions 11th"]
[Site "Uppsala"]
[Date "2024.10.28"]
[Round "5"]
[White "Valcu, Lavinia"]
[Black "Thorisson, Benedikt"]
[Result "1-0"]
[WhiteElo "2067"]
[BlackElo "2079"]
[PlyCount "47"]
[EventDate "2024.10.25"]
[EventType "tourn"]
[EventRounds "9"]
[EventCountry "SWE"]
[SourceTitle "CB45_2024"]
[Source "ChessBase"]
[SourceDate "2024.11.06"]
[SourceVersion "1"]
[SourceVersionDate "2024.11.06"]
[SourceQuality "1"]

1. d4 Nf6 2. c4 g6 3. Nc3 d5 4. h4 c5 5. cxd5 Nxd5 6. Na4 Nc6 7. e4 Nf6 8. d5 Ne5 9. Bf4 Qa5+ 10. Nc3 Ned7 11. Qd2 a6 12. Nf3 Bg7 13. h5 Nxh5 14. Bh6 Ne5 15. Bxg7 Nxf3+ 16. gxf3 Nxg7 17. 0-0-0 Bd7 18. d6 exd6 19. Qxd6 0-0-0 20. Nd5 b5 21. Nb6+ Kb7 22. Nxd7 Ne6 23. Bh3 Qxa2 24. Bxe6 1-0

[Event "EU-ch U18"]
[Site "Prague"]
[Date "2024.08.28"]
[Round "6"]
[White "Thorisson, Benedikt"]
[Black "Sachilaru, Alexandru"]
[Result "0-1"]
[WhiteElo "2057"]
[BlackElo "2255"]
[PlyCount "62"]
[EventDate "2024.08.22"]
[EventType "swiss"]
[EventRounds "9"]
[EventCountry "CZE"]
[SourceTitle "CBM 221 Extra"]
[Source "ChessBase"]
[SourceDate "2024.09.30"]
[SourceVersion "1"]
[SourceVersionDate "2024.09.30"]
[SourceQuality "1"]

1. e4 c6 2. Nf3 d5 3. Nc3 Bg4 4. h3 Bxf3 5. Qxf3 e6 6. d4 dxe4 7. Qxe4 Nf6 8. Qd3 Bd6 9. Be3 0-0 10. g3 Nbd7 11. Bg2 Re8 12. Rd1 Qc7 13. 0-0 Rad8 14. Ne4 Nxe4 15. Bxe4 h6 16. c4 Nf6 17. Bg2 Rd7 18. Qb1 Red8 19. b4 Bf8 20. a4 a5 21. b5 Bb4 22. Bf4 Qc8 23. Be5 cxb5 24. cxb5 Nd5 25. Rc1 Nc3 26. Qb2 f6 27. Bf4 Rxd4 28. Rc2 Qc4 29. Bxb7 Rd1 30. Bg2 Rxf1+ 31. Bxf1 Rd1 0-1